000 00655nam a2200241Ia 4500
003 OSt
005 20221005065859.0
006 a|||||r|||| 00| 0
007 ta
008 221004b |||||||| |||| 00| 0 mar d
024 _a40193
037 _cTextual
040 _aCRL
_cCRL
_bmar
041 _2mar
_amar
082 _aO155,2M83w,1, J9.2
100 _aVarerkar B.V.
_9605070
245 0 _aMaza natki sansar
260 _aMumbai
_bAttry printing press India
_c1959
300 _a160p.
_ccm.
650 _aMARATHI LITERATURE
_938000
942 _hO155,2M83w,1, J9.2
_cTEXL
_2cc
999 _c975338
_d975338